[Event "Barcelona 20th"]
[Site "Barcelona"]
[Date "2015.11.04"]
[Round "1"]
[White "Asis Gargatagli, Hipolito"]
[Black "Morozevich, Alexander"]
[Result "0-1"]
[WhiteElo "2483"]
[BlackElo "2695"]
[Annotator "Fischer,J"]
[PlyCount "92"]
[EventDate "2015.11.04"]
[EventType "tourn"]
[EventRounds "5"]
[EventCountry "ESP"]
[EventCategory "14"]
[SourceTitle "CBM 170"]
[Source "ChessBase"]
[SourceDate "2016.01.15"]
[SourceVersion "1"]
[SourceVersionDate "2016.01.15"]
[SourceQuality "1"]

1. e4 c5 2. Nf3 d6 3. d4 cxd4 4. Nxd4 Nf6 5. Nc3 a6 6. Be3 e5 7. Nb3 Be7 8. h3
Be6 9. f4 exf4 10. Bxf4 Nc6 11. Qe2 Nd7 12. O-O-O Nde5 13. Kb1 O-O 14. Nd5 Re8
15. g4 Bf8 16. Qf2 {Das scheint eine Neuerung zu sein - die Morozevich prompt
in Schwierigkeiten bringt.} a5 17. a4 Nb4 $5 {Ein typischer Morozevich-Zug,
bei dem man sich fragt, ob die Notation auch stimmt, ob dies der Auftakt eines
genialen Opferspiels ist oder ob der russische Großmeister einfach etwas
übersehen hat. Denn nach...} 18. Nxb4 axb4 19. Bxe5 {ist der d-Bauer
plötzlich gefesselt und Schwarz kann die geschlagene Figur nicht wiedernehmen.
Anstatt eine schlechtere Stellung mit ungleichfarbigen Läufern zu spielen, in
dem Schwarz kaum Aussichten auf Gegenspiel hat, opfert Morozevich Material -
viel Material.} Rxa4 $5 {Objektiv bzw. nach Meinung Komodos steht Schwarz nach
diesem Zug auf Verlust.} ({Doch nach} 19... Bxb3 20. cxb3 Rxe5 21. Bc4 Qc7 {
entsteht eine Stellung, in der der weißfeldrige Läufer besser ist als der
Schwarzfelder, und in der Weiß wenig Gefahr droht.}) 20. Bb5 {Weiß hat
bereits eine Figur mehr und gewinnt durch diesen Doppelangriff noch weiteres
Material.} Ra5 {Spielt weiter so, als ob Material überhaupt keine Rolle
spielt.} 21. Nxa5 ({Nach} 21. Bxe8 Rxe5 {gewinnt Schwarz den weißfeldrigen
Läufer und kann mit seinem Läuferopfer auf Kompensation hoffen - obwohl
Weiß immer noch besser steht.}) 21... Ba2+ $1 {Noch ein Figurenopfer.} 22.
Kxa2 ({Auch} 22. Kc1 {war möglich, zum Beispiel} Rxe5 23. Bc4 Qg5+ 24. Rd2
Bxc4 25. Nxc4 Rxe4 26. Rf1 f6 27. Nb6 {und Weiß hat einen ganzen Turm mehr
und sollte gewinnen.}) 22... Qxa5+ 23. Kb3 Qxb5 24. Bxd6 Rxe4 {Auch jetzt hat
Weiß einen ganzen Turm mehr und steht "objektiv" auf Gewinn. Aber sich in der
taktisch immer noch komplizierten Stellung zurechzufinden, ist nicht ganz
einfach, zumal mit knapper werdender Bedenkzeit.} 25. Rd4 $6 ({Ein Weg zum
Sieg war das Qualitätsopfer} 25. Qc5 {zum Beispiel} Qxc5 26. Bxc5 Bxc5 27.
Rd8+ Bf8 28. Ra1 {und Weiß hat die Initiative übernommen und steht auf
Gewinn.}) 25... Bxd6 $1 {Schwarz nutzt die Chance.} 26. Rf1 ({Wenn Weiß den
Turm auf e4 nimmt, hat Schwarz gute Chancen auf Remis, zum Beispiel} 26. Rxe4
Qd5+ 27. c4 (27. Rc4 b5 28. Qf1 bxc4+ 29. Qxc4 Qxh1 {führt zum Verlust.})
27... bxc3+ 28. Kxc3 Qxe4 {und Schwarz hat einen Bauern für die Qualität und
kann sich über den exponierten König des Weißen freuen. Doch vermutlich hat
Weiß den schwarzen Gegenschlag nach 26.Tf1 übersehen.}) ({Komodo empfiehlt
jedenfalls} 26. Rhd1 {oder}) (26. Ra1 {und sieht Weiß in beiden Fällen in
Vorteil.}) 26... Qxf1 $1 {Mit diesem Damenopfer bannt Schwarz fast jede
Verlustgefahr, denn der schwarze Läufer und der schwarze Turm können die
weißen Bauern am Damenflügel aufhalten.} 27. Qxf1 Rxd4 28. Qb5 Re4 29. Qb6
Bf8 30. Ka2 Re2 31. Kb3 Re6 32. Qxb7 Re3+ 33. c3 bxc3 34. bxc3 Rxh3 35. Qd5 g6
36. Qg2 Re3 37. Qf2 Re5 38. Qf4 Rc5 39. Qe3 h5 40. g5 $2 {Dieser Bauer geht
verloren. Weiß musste auf h5 schlagen, aber auch dann ist Schwarz der einzige,
der diese Stellung gewinnen kann.} Rf5 41. c4 Bc5 42. Qd2 Be7 43. Qd7 Bxg5 44.
Qe8+ Kg7 45. Qe4 Bf6 46. Kb4 Re5 {Und Weiß gab auf.} 0-1

[Event "RUS-ch 1st League 59th"]
[Site "Tomsk"]
[Date "2006.09.06"]
[Round "4"]
[White "Kobalia, Mihail"]
[Black "Anisimov, Pavel"]
[Result "1-0"]
[WhiteElo "2647"]
[BlackElo "2515"]
[Annotator "Ftacnik,L"]
[PlyCount "55"]
[EventDate "2006.09.03"]
[EventType "swiss"]
[EventRounds "9"]
[EventCountry "RUS"]
[SourceTitle "CBM 115"]
[Source "ChessBase"]
[SourceDate "2006.11.15"]
[SourceVersion "1"]
[SourceVersionDate "2006.11.15"]
[SourceQuality "1"]

1. e4 c5 2. Nf3 d6 3. d4 cxd4 4. Nxd4 Nf6 5. Nc3 a6 6. Be3 e5 7. Nb3 Be6 8. Qd2
Be7 9. f4 Qc7 10. O-O-O (10. h3 Nbd7 11. g4 exf4 12. Bxf4 Ne5 13. O-O-O Nfd7
14. Nd4 g6 15. g5 Nb6 16. h4 Nbc4 17. Qe1 Rc8 18. h5 Qc5 19. Bxc4 Nxc4 20. Na4
Qc7 21. hxg6 $18 {1-0 Ivanchuk,V (2702)-Wahls,M (2582)/Las Vegas 1999/ (29)})
10... Nbd7 11. h3 {When White combines f4 with long castling the idea of h3
followed by g4 seems very logical.} b5 12. g4 h6 (12... Nb6 13. g5 Nh5 14. f5
Bc4 15. Qf2 Na4 16. Nd5 Bxd5 17. exd5 Rc8 18. Rd2 Nf4 19. Bxf4 exf4 20. Qxf4 h6
21. f6 hxg5 22. fxg7 Rg8 23. Qf5 {1-0 Parligras,M (2375)-Vink,N (2285)/Mureck
1998/ (32)}) (12... exf4 13. Bxf4 Ne5 14. Nd5 Bxd5 15. exd5 Nfd7 16. Nd4 $14)
13. Nd5 Bxd5 14. exd5 Rc8 (14... Nb6 15. fxe5 Nfxd5 (15... dxe5 16. d6 Qc6 17.
Bg2 $18) 16. Bxb6 Nxb6 17. exd6 $18) 15. Rh2 (15. Bg2 O-O 16. Na5 exf4 17. Bxf4
Ne5 18. Kb1 $14) 15... exf4 $6 {In comparison with standard lines of English
attack variation the first is much better prepared for opening the kingside
with g4-g5 advance. The exchange of the pawns on f4 makes it easier for white
to advance his aggressive plans.} (15... O-O 16. Kb1 Rfe8 $13) 16. Bxf4 Nb6 (
16... O-O 17. Re2 Nb6 18. Bg2 Nc4 19. Qd3 Bd8 20. Nd4 $14) 17. Qg2 (17. Re2
Nfxd5 18. Rde1 Kd7 19. Qd3 Bf6 20. Bg3 Rce8 $13) (17. Bg2 $6 Nc4 18. Qe2 O-O
$13) 17... O-O 18. Kb1 Nc4 (18... Rfe8 19. h4 $1 Bf8 20. g5 Nh5 21. Bc1 hxg5
22. hxg5 g6 23. c3 $14) 19. Bc1 Nd7 20. h4 $1 {[%mdl 32] Kobalia masterfully
defended all his vulnerable spots c2, d5, g4 and simply marches forward on the
kingside.} Nde5 (20... Bf6 21. g5 hxg5 22. hxg5 Be5 23. Bxc4 bxc4 (23... Bxh2
24. Qxh2 Qxc4 25. Rh1 $18) 24. Rh8+ Kxh8 25. Qh3+ Kg8 26. Rh1 $18) 21. Nd4 b4 (
21... Qa5 22. g5 h5 23. Be2 g6 24. Nc6 Nxc6 25. dxc6 Qb6 26. Bf3 Ne5 27. Bd5
Nxc6 28. Qe4 Ne5 29. Bf4 $16) (21... Rfe8 22. Be2 $1 b4 23. g5 $14) 22. Be2 $1
{Anisimov is facing a very unpleasant prospect of having to react after the
coming g4-g5 move.} Rb8 23. g5 h5 (23... Na3+ 24. bxa3 bxa3+ 25. Nb3 h5 26.
Bxa3 $18) (23... hxg5 24. hxg5 f5 25. Qh3 $18) 24. Bxh5 (24. Nc6 Nxc6 25. dxc6
Ne5 26. Be3 Nxc6 27. Bxh5 Ne5 28. Qe4 $16) 24... Rfc8 25. Bg4 Re8 (25... Nxg4
26. Qxg4 Ne5 27. Qe4 $18) 26. Bf5 a5 (26... g6 27. Be4 Bf8 28. h5 $18) 27. h5
a4 28. g6 $1 {Strategic triumph is complete, since Black has not managed to
get even a trace of real counterplay.} 1-0

[Event "RUS-ch 1st League 59th"]
[Site "Tomsk"]
[Date "2006.09.04"]
[Round "2"]
[White "Motylev, Alexander"]
[Black "Nechepurenko, Roman V"]
[Result "1-0"]
[WhiteElo "2662"]
[BlackElo "2463"]
[Annotator "Ftacnik,L"]
[PlyCount "81"]
[EventDate "2006.09.03"]
[EventType "swiss"]
[EventRounds "9"]
[EventCountry "RUS"]
[SourceTitle "CBM 115"]
[Source "ChessBase"]
[SourceDate "2006.11.15"]
[SourceVersion "1"]
[SourceVersionDate "2006.11.15"]
[SourceQuality "1"]

1. e4 c5 2. Nf3 d6 3. d4 cxd4 4. Nxd4 Nf6 5. Nc3 a6 6. f3 e5 7. Nb3 Be6 8. Be3
Nbd7 9. g4 b5 10. g5 b4 11. Ne2 Nh5 12. Qd2 a5 13. Ng3 Nxg3 14. hxg3 a4 15. Nc1
Qa5 16. f4 g6 17. Nd3 Bg7 {In the complex position black is better developed,
but has to cope with quite a few weaknesses b4, d6, h7. In the future the main
line may turn out to be 17...d5!? If white could get better grip on the
position his chances would be better.} (17... d5 $5 18. Bg2 d4 19. Bf2 Bd6 20.
Bh3 (20. O-O O-O 21. Be1 Qb6 22. Nxb4 d3+ 23. Kh2 dxc2 24. Nxc2 Rfd8 {0-1
Spasov,V (2591)-Amonatov,F (2518)/Bled 2002/ (52)}) 20... Bxh3 21. Rxh3 Rd8 22.
O-O-O Nc5 23. Nxc5 Qxc5 24. g4 (24. Kb1 $5 a3 25. b3 $14) 24... b3 25. Kb1
bxa2+ 26. Ka1 Qb5 {0-1 Abrahamyan,T (2292)-Gomes,M (2264)/Yerevan 2006/ (54)})
(17... a3 18. b3 exf4 19. gxf4 Bg7 20. O-O-O Rc8 21. Kb1 Rc3 22. Qf2 O-O 23.
Bd4 Bxd4 24. Qxd4 Rfc8 25. Rd2 {1-0 Motylev,A (2634)-Aronian,L (2649)/Bastia
2003/ (33)}) 18. f5 $5 $146 {[%mdl 8]} (18. a3 bxa3 19. Qxa5 Rxa5 20. Rxa3 O-O
(20... f5 21. gxf6 Nxf6 22. Bg2 O-O 23. fxe5 Ng4 24. Bd2 Rb5 25. exd6 Bxb2 26.
Rxa4 {1-0 Nijboer,F (2567)-Sadvakasov,D (2534)/Amsterdam 2002/ (42)}) (20... d5
21. Bg2 d4 22. Bd2 Ra7 23. Bb4 Bf8 24. b3 Bxb4+ 25. Nxb4 Nb6 {0-1 Paehtz,T 
(2449)-Fressinet,L (2581)/Cappelle la Grande 2001/ (52)}) 21. b4 Raa8 22. Bg2
Rab8 23. Rxa4 Rfc8 24. Kd2 exf4 25. gxf4 Nb6 {1/2 Bacrot,E (2653)-Gelfand,B 
(2704)/Albert 2002/ (42)}) 18... gxf5 19. exf5 Bxf5 20. Nxb4 d5 $2 {Motylev
has done his homework and by taking a sting from black active pieces.
Nechepurenko reacts with great central ambition, but his activity will be
tactically refuted.} (20... a3 21. b3 Rc8 22. Rd1 Be6 23. Ba6 Ra8 24. Bc4 $16)
(20... Rc8 21. a3 (21. Rd1 e4 22. Bd4 Bxd4 23. Qxd4 Rg8 24. Rh6 Rxg5 25. Rxd6
Qe5 $15) 21... d5 22. Ba6 Rb8 23. Nxd5 Qxd2+ 24. Kxd2 Rxb2 25. Nb4 e4 26. Nd5
$14) 21. Nxd5 $1 Be4 (21... Qxd2+ 22. Kxd2 Rb8 23. b4 Be4 24. Nc7+ Kd8 25. Rh4
$16) 22. Qxa5 Rxa5 23. Nc7+ Kd8 24. Rh4 Bc6 (24... Kxc7 25. Rxe4 a3 26. Rc4+
Kb7 27. Rd1 $18) (24... Bxc2 25. Rc4 Bf5 26. O-O-O $18) 25. Bd2 $1 {This fine
move saves the life for the knight c7, black will be left with ruins.} Ra7 (
25... Rc5 26. Na6 Rxc2 27. Nb4 Rc5 28. Nxc6+ Rxc6 29. Rxa4 $18) 26. Nb5 Ra8 27.
O-O-O {Motylev must have been very satisfied with the novelty's success. More
efficient solution was the centralizing knight jump.} (27. Nd6 $1 Bd5 (27...
Kc7 28. Nxf7 Rhf8 29. Bc4 Nb6 30. Rxh7 Nxc4 31. Rxg7 $18) 28. Bc4 Bxc4 29. Rxc4
$18) 27... Bf3 28. Re1 Bf8 (28... f6 29. Nd6 fxg5 30. Bxg5+ Kc7 31. Nf5 $18)
29. Bc4 Bc5 30. Be3 {White is nor ready to offer even a trace of the
counterchances.} (30. Bxf7 Bf2 31. Rf1 Bxg3 32. g6 Bxh4 33. g7 Ke7 34. gxh8=Q
Rxh8 35. Rxf3 $18) 30... Rc8 31. Bxc5 Rxc5 32. Nd6 Ke7 (32... Kc7 33. Nxf7 Rb8
34. Rxh7 e4 35. Be2 Nf8 36. Rh6 $18) 33. Nf5+ Kf8 34. b4 Rc7 (34... axb3 35.
axb3 e4 36. Nd6 $18) 35. Bb5 {Black is poorly cordinated and on the verge of
losing more material.} a3 (35... Rg8 36. Rxh7 Rxg5 37. Rh8+ Rg8 38. Rxg8+ Kxg8
39. Bxa4 $18) 36. Re3 Bd5 37. Bxd7 (37. Rxa3 Nb6 38. Ra6 $18) 37... Rxd7 38.
Rxa3 Rg8 39. Rc4 $1 {Back rank mating motives are usually very powerful tool.}
Rd8 (39... Bxc4 40. Ra8+ $18) 40. Rd3 Rxg5 41. Rxd5 $1 1-0

[Event "Rostock GM"]
[Site "Rostock"]
[Date "2002.08.29"]
[Round "6"]
[White "Lanka, Zigurds"]
[Black "Nemet, Ivan"]
[Result "0-1"]
[WhiteElo "2504"]
[BlackElo "2439"]
[Annotator "Ftacnik,L"]
[PlyCount "76"]
[EventDate "2002.08.25"]
[EventType "tourn"]
[EventRounds "9"]
[EventCountry "GER"]
[EventCategory "8"]
[SourceTitle "CBM 091"]
[Source "ChessBase"]
[SourceDate "2002.11.12"]
[SourceVersion "1"]
[SourceVersionDate "2002.11.12"]
[SourceQuality "1"]

1. e4 c5 2. Nf3 d6 3. d4 cxd4 4. Nxd4 Nf6 5. Nc3 a6 6. Be3 e5 7. Nb3 Be6 8. f3
Be7 9. Qd2 O-O 10. O-O-O Qc7 11. g4 Rc8 12. Qf2 Nbd7 13. Kb1 b5 14. Nd5 Bxd5
15. exd5 Rcb8 (15... Rab8 16. g5 Nh5 17. h4 a5 18. Bh3 a4 19. Nc1 a3 20. Rd3
axb2 21. Kxb2 Rd8 22. Bxd7 Rxd7 {0-1 Terzic,M-Tadic,B/Cetinje 1993/ (28)}) 16.
g5 Nh5 17. Bh3 (17. Rg1 a5 18. Nc1 g6 19. h4 Bf8 20. Bd3 a4 21. Bf1 Bg7 22. Qd2
b4 23. Rg4 Nf4 24. Ne2 Nxe2 25. Bxe2 e4 26. Rxe4 b3 27. cxb3 axb3 28. axb3 Rxb3
29. Bd4 Bxd4 30. Qxd4 Qa5 {0-1 Aleksieva,S-Dworakowska,J/Varna 2002/ (64)})
17... a5 18. Nd2 (18. Bxd7 Qxd7 19. Nd2 a4 $13) 18... Nb6 {Black is making
solid progress on the queenside, while white still has to get going on the
other one.} 19. Bg4 (19. Ne4 Nc4 20. Bc1 a4 (20... Nf4 21. Bxf4 exf4 22. Qh4 h6
) 21. Qh4 g6 $11) 19... Nf4 20. Bxf4 exf4 21. Ne4 Nc4 22. Rd4 (22. Rhe1 Ne3 23.
Rd3 b4 $15) 22... a4 23. Qe2 Ne3 24. c3 Bd8 25. Rg1 (25. Qd3 Qe7 26. Re1 a3 27.
b3 b4 $15) 25... a3 26. b3 Qe7 27. Bh3 Qe5 (27... Bb6 28. Rd2 b4 29. c4 Qe5 30.
Rh1 Bd4 $15) 28. Nc5 $2 (28. Rd2 b4 29. c4 Bb6 $15) 28... Bb6 $1 {Ellegant
refutation of a faulty combination, black will dominate on the dark squares.} (
28... dxc5 29. Re4 Bf6 30. Rxe5 Bxe5 $13) 29. Re4 (29. Nd7 Nxd5 30. Qxe5 Nxc3+
31. Kc2 dxe5 32. Rd6 Bxg1 33. Nxb8 Rxb8 34. Kxc3 Bxh2 $17) 29... Qxc3 30. Nd7
Bd4 31. Rxd4 $8 (31. Nxb8 Qa1#) 31... Qxd4 32. Nxb8 Rxb8 33. Rc1 Qxd5 34. Bd7 (
34. Bf1 Qf5+ 35. Qd3 Qe5 36. Qd2 Qxg5 37. Qxd6 Rd8 $19) 34... g6 35. h4 Qd4 36.
h5 gxh5 37. Bc6 (37. Bh3 Nd5 $19) 37... Rc8 38. Bxb5 Qa1+ $1 {Fascinating end
to the well played game.} (38... Qa1+ $1 39. Kxa1 Rxc1#) 0-1

[Event "Biel GM"]
[Site "Biel"]
[Date "2006.07.26"]
[Round "3"]
[White "Morozevich, Alexander"]
[Black "Volokitin, Andrei"]
[Result "1-0"]
[WhiteElo "2731"]
[BlackElo "2662"]
[Annotator "Ftacnik,L"]
[PlyCount "169"]
[EventDate "2006.07.24"]
[EventType "tourn"]
[EventRounds "10"]
[EventCountry "SUI"]
[EventCategory "17"]
[SourceTitle "CBM 114"]
[Source "ChessBase"]
[SourceDate "2006.10.02"]
[SourceVersion "1"]
[SourceVersionDate "2006.10.02"]
[SourceQuality "1"]

1. e4 c5 2. Nf3 d6 3. d4 cxd4 4. Nxd4 Nf6 5. Nc3 a6 6. Be3 e5 7. Nb3 Be6 8. Qd2
Be7 9. f3 O-O 10. O-O-O Nbd7 11. g4 b5 12. g5 b4 13. Ne2 Ne8 14. h4 {
Morozevich is refraining from the main theoretical lines connected with the
move 14.f4.} a5 15. Kb1 Nb6 16. Ng3 a4 17. Nc1 d5 (17... b3 18. Nf5 Nd5 19.
Nxe7+ Nxe7 20. cxb3 axb3 21. a3 Rc8 22. Bb5 d5 23. Qb4 Qc7 24. Nd3 d4 {0-1
Yagupov,I (2415)-Loukachouk,A (2256)/St Petersburg 2003/ (41)}) 18. Bxb6 (18.
f4 exf4 19. Bxf4 Nd6 20. Bg2 b3 21. exd5 Nbc4 22. Qf2 bxc2+ 23. Kxc2 Bg4 24.
Bf3 Bxf3 25. Qxf3 Rc8 {0-1 Kosyrev,V (2539)-Cramton,S/playchess.com 2005/ (32)}
) 18... Qxb6 19. exd5 Rd8 20. Bc4 Nc7 {Black seems to be getting good piece
play in the center. On top of it his pawns are already preapred for the
counterplay on the queenside.} 21. dxe6 $5 (21. Qe2 Bxd5 22. Nf5 Rfe8 23. Nxe7+
Rxe7 24. h5 Red7 $11 {1-0 Melnikova,Y (2322)-Ubiennykh,E (2327)/Samara 2005/ 
(40)}) 21... Rxd2 22. exf7+ Kh8 (22... Rxf7 23. Bxf7+ Kxf7 24. Rxd2 Nb5 25. Nd3
a3 (25... Nc3+ 26. Ka1 $18) 26. Nxe5+ Kg8 27. Nc4 (27. Rd7 Nc3+ 28. bxc3 bxc3+
29. Kc1 Qe3+ 30. Kd1 Qxe5 31. Re1 Qxg3 32. Rexe7 Qxf3+ $11) 27... Qe6 28. b3
$16) 23. Rxd2 Qc6 24. b3 Nb5 (24... Qxf3 25. Rd7 axb3 26. axb3 Bc5 27. Rxc7 Bf2
28. Re7 Qxg3 29. Re8 Bc5 30. Nd3 Bd6 31. Nxe5 g6 32. Nd7 $18) 25. Bxb5 Qxb5 26.
Nf5 $146 {This move is better than the meek exchange of the pawns, White has
ambitions in the endgame.} (26. bxa4 $6 Qxa4 27. Rhd1 Rxf7 28. Rd7 Kg8 29. Ne4
{1/2 Leko,P (2740)-Karjakin,S (2660)/Wijk aan Zee 2006/}) 26... Rxf7 (26... Bc5
27. Re1 Rxf7 28. Rxe5 Qc6 29. Rd8+ Rf8 30. Red5 Qb6 31. Rxf8+ Bxf8 32. bxa4 $16
) (26... Qc5 $2 27. Rhd1 a3 28. Rd5 Qc3 29. Nd3 $18) 27. Nxe7 Rxe7 28. Rd8+ Re8
29. Rhd1 g6 $6 {Objectively speaking an inaccuracy. Volokitin had to look for
a way to limit the problems in the impending fight of queen against white's
knight and rook.} (29... axb3 30. axb3 Rg8 $5 31. Rxg8+ Kxg8 32. Rd8+ Kf7 33.
Nd3 Ke6 $14) (29... a3 $2 30. R1d5 Qc6 31. R5d6 Qb5 32. Rb6 $1 $18) 30. R1d5
Qc6 31. R5d6 (31. Rxe8+ Qxe8 32. bxa4 (32. Nd3 Qa8 33. Nxb4 a3 34. c4 Qf8 35.
Nc6 Qxf3 36. Rd8+ Kg7 37. Rd7+ $11) 32... Qxa4 33. Rxe5 $14) 31... Qb5 32. Rb6
$1 Qxb6 33. Rxe8+ Kg7 34. bxa4 {[%mdl 1024] Both black pawns b4 and e5 are
doomed and white can try to advance his queenside pawns without risk.} Qc5 (
34... Qd4 35. a5 $16) (34... Qa5 35. Nd3 Qxa4 36. Rxe5 $14) 35. Rb8 Qd5 36. Rb5
Qxf3 37. Rxe5 h5 (37... Qf4 $2 38. Re7+ Kg8 39. a5 Qxh4 40. a6 $18) 38. a5 Qc6
39. a6 $5 {Morozevich sacrifices the pawn in order to improve the coordination
of his pieces. With hindsight it seems to have been a very laudable decision.}
(39. Nb3 Qc4 $1 (39... Qh1+ $2 40. Kb2 Qxh4 41. a6 $18) 40. Rc5 Qxh4 41. Rc7+
Kg8 42. a6 Qh1+ 43. Kb2 Qa8 44. a7 h4 45. Nc5 (45. Nd2 h3 46. Nf1 Qd8 $11)
45... h3 46. Rb7 Qxa7 47. Rxa7 h2 48. Ra8+ Kh7 49. Rb8 h1=Q 50. Rxb4 Qd5 51.
Ne4 Qe5+ $14) 39... Qxa6 40. Re4 Kf7 (40... Qb7 41. Rf4 $16) 41. Nd3 Qa3 42.
Rf4+ Ke7 43. Rxb4 Kd8 44. Rc4 Ke7 45. Nb4 Ke6 46. c3 Qa4 {To play an unusual
ending well is extremely difficult even for excellent grandmasters. From the
practical point of view it seems to have been more sensible to keep the queen
on a4.} (46... Ke5 $5 47. Kc2 Kf5 48. Rd4 Ke5 49. Kd3 Kf5 50. Kc4 Qa4 $13) 47.
Kb2 Kf7 48. Rd4 Qb5 49. Kb3 Qf1 50. Kb2 Qb5 51. a3 Kf8 52. Kb3 Qf1 53. a4 $1
Qb1+ 54. Kc4 Qa1 55. Kb5 Qxc3 56. Nc6 Qb3+ 57. Rb4 {Even without the c pawn
White keeps all the chances with dangerous advance of the a one. His pieces
around the king are working in full harmony.} Qf7 (57... Qd3+ 58. Kb6 Qe3+ 59.
Kc7 Qf2 60. a5 Qf1 61. Rb2 $16) 58. a5 Qf5+ (58... Qb7+ 59. Kc5 Qa6 60. Rb2 Kf7
61. Rd2 $16) 59. Kb6 Qf2+ 60. Kb7 Qf7+ 61. Ka8 Qf1 62. Kb8 (62. Rb6 Qf2 63.
Rb8+ Kf7 64. a6 $18) 62... Ke8 63. Rd4 $1 Qf5 64. Rd8+ Kf7 65. Kc7 Qb5 (65...
Qf1 66. Rd6 $1) 66. Rb8 Qc4 $6 (66... Qf1 67. Ne5+ Kg7 68. Rb4 Kg8 69. Nc6 $16)
67. Rb4 Qf1 68. Kb7 $18 {The position of white pieces is close to perfect, he
should be winning.} Ke6 69. a6 Kd6 70. a7 (70. Kb6 $1 Qg2 71. Rd4+ Ke6 72. a7
Qa2 73. Rd8 Qb2+ 74. Kc7 Qh2+ (74... Qg7+ 75. Kc8 Qa1 76. Nd4+ Ke7 77. Rd7+ Ke8
78. Nb5 Qa6+ 79. Rb7 Qa2 80. Nc7+ $18) 75. Kc8 Qa2 76. Nd4+ Ke5 77. Kb8 Qb1+
78. Kc7 Qc1+ 79. Nc6+ $18) 70... Qf7+ 71. Ka6 Qe8 72. Na5 $6 {Alexander
stumbles before the last mile, he could have forced his way through with the
smart manouver 72.Rb8!} (72. Rb8 $1 Qe2+ 73. Rb5 $1 Qe8 (73... Qa2+ 74. Na5 Qg2
75. Nb7+ $18) 74. Na5 Qc8+ 75. Nb7+ Ke6 76. Kb6 $18) 72... Qc8+ 73. Nb7+ Kd5
74. Rb5+ (74. Rb6 $1 Ke5 75. Rd6 $18) 74... Kd4 75. Rc5 Qe6+ 76. Kb5 Qb3+ 77.
Kc6 Qa4+ $2 {Volokitin pays back in kind since he forgot, that his queen could
be trapped on the square a7!} (77... Qf3+ 78. Kc7 Qf7+ 79. Kb8 Qf8+ 80. Rc8
Qf4+ 81. Ka8 Kd5 $14) 78. Kc7 $1 Qe8 (78... Qxa7 79. Ra5 $18) 79. Nd6 Qa8 80.
Ra5 Kc3 81. Nc8 Kb4 82. Nb6 Qf8 83. a8=Q Qf4+ 84. Kc6 Qc1+ 85. Kd7 1-0